| 000 | 00503nab a22001457 4500 | ||
|---|---|---|---|
| 003 | ES-SlBCS | ||
| 005 | 20230308213815.0 | ||
| 008 | 230308s2022 bl ||||| |||| 00| 0 por d | ||
| 040 |
_aES-SlBCS _bspa |
||
| 041 | _apor | ||
| 100 | 1 |
_9412021 _aCôrtes Tourinho, Carlos Diógenes |
|
| 245 | 1 | 0 |
_aSobre a doutrina teleológica das ciências na fenomenología de Husserl _cCarlos Diógenes Côrtes Tourinho |
| 773 | 0 |
_gVol. 49, núm. 155, 2022, págs. 523-538 _tSíntese _wRev973 _x0103-4332 |
|
| 942 |
_2lcc _cAR |
||
| 999 |
_c887943 _d887943 |
||